000 00915nam a2200265Ia 4500
003 OSt
005 20221005110640.0
006 a|||||r|||| 00| 0
007 ta
008 221004b |||||||| |||| 00| 0 hin d
024 _a32594
037 _cTextual
040 _aCRL
_cCRL
_bhin
041 _2hin
_ahin
082 _aO152,1:gN, M2
100 _aसिंह, नामवर
245 0 _aकविता के नये प्रतिमान
246 _aKavitā ke naye pratimāna
250 _aतीसरा संस्करण
260 _aनई दिल्ली
_bराजकमल प्रकाशन प्राइवेट लिमिटेड भारत
_c1982
300 _a240पृ.
_ccm.
650 _aहिन्दी साहित्य
942 _hO152,1:gN, M2
_cTEXL
_2cc
999 _c1019465
_d1019465